[Event "Elit(Manhem-Solna)"]
[Site "?"]
[Date "2011.03.11"]
[Round "9"]
[White "Olausson, Claes-Goran"]
[Black "Karlsson, Tomas"]
[Result "1/2-1/2"]
[WhiteElo "2368"]
[BlackElo "2271"]
[PlyCount "122"]

1. Nf3 Nf6 2. g3 d5 3. Bg2 e6 4. O-O Be7 5. d4 O-O 6. c4 dxc4 7. Qc2 a6 8. Qxc4
b5 9. Qc2 Bb7 10. Bg5 Be4 11. Qb3 Bd5 12. Qe3 Nbd7 13. Nc3 Rc8 14. Nxd5 Nxd5
15. Bxe7 Qxe7 16. Qd2 c5 17. dxc5 Qxc5 18. Rac1 Qb6 19. Rfd1 Rfd8 20. Nd4 N7f6
21. Rxc8 Rxc8 22. Rc1 Rxc1+ 23. Qxc1 g6 24. e3 Qc7 25. Qxc7 Nxc7 26. Nc6 Kf8
27. Kf1 Ke8 28. Ke2 Kd7 29. Ne5+ Ke7 30. Kd3 Nfd5 31. a3 f6 32. Nc6+ Kd6 33.
Na5 e5 34. h4 Nb6 35. h5 gxh5 36. Be4 h6 37. Nb7+ Ke6 38. Bg6 Nc4 39. Kc2 f5
40. Bxh5 f4 41. exf4 exf4 42. Nd8+ Kf6 43. Kc3 fxg3 44. fxg3 Nd5+ 45. Kd4 Ne7
46. a4 Nxb2 47. axb5 axb5 48. Kc5 Nd3+ 49. Kxb5 Ne5 50. Kc5 Nf5 51. g4 Ne3 52.
Kd4 N3xg4 53. Bxg4 Nxg4 54. Ke4 h5 55. Kf4 Ne5 56. Nb7 Ng6+ 57. Kg3 Kg5 58. Nc5
h4+ 59. Kf3 Ne5+ 60. Kg2 Kg4 61. Ne4 h3+ 1/2-1/2

[Event "Elit(Manhem-Solna)"]
[Site "?"]
[Date "2011.03.11"]
[Round "9"]
[White "Steneskog, Per"]
[Black "Kinnmark, Ove"]
[Result "1/2-1/2"]
[WhiteElo "2213"]
[BlackElo "2248"]
[PlyCount "84"]

1. d4 Nf6 2. c4 e6 3. Nc3 Bb4 4. Bg5 Bxc3+ 5. bxc3 d6 6. e3 Nbd7 7. Bd3 Qe7 8.
Ne2 e5 9. O-O h6 10. Bxf6 Nxf6 11. Ng3 O-O 12. Qd2 Bd7 13. Rae1 Rfe8 14. f4 e4
15. Bc2 b5 16. Bb3 bxc4 17. Bxc4 d5 18. Be2 Rab8 19. Rb1 Qa3 20. Qc1 Qa5 21.
Rb3 Rxb3 22. axb3 c5 23. Qb2 Rb8 24. Ra1 Qb6 25. b4 cxb4 26. Qxb4 Qxb4 27. cxb4
Rxb4 28. Rxa7 Rb3 29. Kf2 Rb2 30. h3 g6 31. Ke1 h5 32. Ra5 Rb1+ 33. Kf2 Rb2 34.
Ke1 Rb1+ 35. Kf2 Rb2 36. Nf1 h4 37. Ke1 Kg7 38. Nd2 Rc2 39. Ra3 Rc1+ 40. Kf2
Rc2 41. Ke1 Rc1+ 42. Kf2 Rc2 1/2-1/2

[Event "Elit(Manhem-Solna)"]
[Site "?"]
[Date "2011.03.11"]
[Round "9"]
[White "Carlhammar, Magnus"]
[Black "Landgren, Andreas"]
[Result "1-0"]
[WhiteElo "2318"]
[BlackElo "2254"]
[PlyCount "63"]

1. Nf3 c5 2. c4 Nc6 3. g3 g6 4. Bg2 Bg7 5. O-O e5 6. Nc3 Nge7 7. a3 d6 8. b4
Be6 9. Ng5 Bxc4 10. d3 Be6 11. Nxe6 fxe6 12. bxc5 dxc5 13. Rb1 Qd7 14. Bg5 O-O
15. Bxe7 Qxe7 16. Bxc6 bxc6 17. Qa4 c4 18. Qxc4 Qxa3 19. Qxe6+ Kh8 20. Ne4 Rae8
21. Qxc6 Rc8 22. Qe6 Rc2 23. Rb7 Rxe2 24. Qd7 Rg8 25. Nf6 Rb2 26. Nxg8 Rxb7 27.
Qxb7 Kxg8 28. Qc8+ Qf8 29. Qe6+ Qf7 30. Qxf7+ Kxf7 31. Ra1 e4 32. Rxa7+ 1-0

[Event "Elit(Orgryte-Vasteras)"]
[Site "?"]
[Date "2011.03.11"]
[Round "9"]
[White "Eriksson, Johan"]
[Black "Tukhaev, Adam"]
[Result "0-1"]
[WhiteElo "2447"]
[BlackElo "2594"]
[PlyCount "102"]

1. d4 Nf6 2. c4 e6 3. Nc3 Bb4 4. Qc2 d5 5. a3 Bxc3+ 6. Qxc3 O-O 7. Nf3 dxc4 8.
Qxc4 b6 9. Bg5 Bb7 10. e3 Nbd7 11. Ne5 Bd5 12. Qc2 c5 13. Nxd7 Qxd7 14. Bxf6
gxf6 15. dxc5 Rfc8 16. Bd3 Rxc5 17. Qe2 Rd8 18. b4 Rc3 19. Bb5 Qb7 20. Qg4+ Kf8
21. O-O Ke7 22. Rfd1 Rcc8 23. f3 Rg8 24. Qh4 Bxf3 25. Rd7+ Qxd7 26. Bxd7 Rxg2+
27. Kf1 Rcc2 28. Qf4 Bd5 29. Ba4 e5 30. Bxc2 exf4 31. Bb3 Be4 32. exf4 Rxh2 33.
Re1 Rh1+ 34. Kf2 Rxe1 35. Kxe1 h5 36. Kf2 h4 37. Kg1 Bf5 38. Bc4 Be6 39. Bd3
Kd6 40. Be4 f5 41. Bf3 Bd5 42. Bh5 Kc6 43. Be2 Be6 44. Kf2 Kd5 45. Ke3 h3 46.
Kf3 h2 47. Kg2 Ke4 48. Kxh2 Kxf4 49. Kg2 Ke3 50. Bf3 f4 51. Bc6 Bg4 0-1

[Event "Elit(Orgryte-Vasteras)"]
[Site "?"]
[Date "2011.03.11"]
[Round "9"]
[White "Ziegler, Ari"]
[Black "Akesson, Ralf"]
[Result "0-1"]
[WhiteElo "2398"]
[BlackElo "2448"]
[PlyCount "166"]

1. e4 c6 2. d4 d5 3. Nc3 dxe4 4. Nxe4 Nd7 5. Ng5 Ngf6 6. Bd3 e6 7. N1f3 Bd6 8.
Qe2 h6 9. Ne4 Nxe4 10. Qxe4 Nf6 11. Qe2 b6 12. Bd2 Bb7 13. O-O-O Qc7 14. Kb1
O-O-O 15. c4 c5 16. Bc3 Kb8 17. Rhe1 Rhe8 18. g3 Bxf3 19. Qxf3 cxd4 20. Bxd4 e5
21. Bc3 Bc5 22. Bf1 Rxd1+ 23. Rxd1 Qb7 24. Qxb7+ Kxb7 25. f3 a5 26. Kc2 Kc7 27.
Re1 Nd7 28. a3 a4 29. f4 f6 30. Bg2 Re7 31. f5 Nb8 32. Bf3 Nc6 33. Bd1 Kd6 34.
Kd3 Ra7 35. g4 Bd4 36. Re2 Bxc3 37. bxc3 Nb8 38. Rb2 Nd7 39. Ke3 Kc7 40. Bf3
Nc5 41. Bd5 Nb3 42. h4 Kd6 43. Rb1 Rd7 44. Be6 Rd8 45. g5 hxg5 46. hxg5 fxg5
47. Rg1 Rh8 48. Rd1+ Kc6 49. Ke4 Rh2 50. Kf3 Nc5 51. Kg4 e4 52. Kxg5 Rf2 53.
Bd5+ Kc7 54. Re1 Rg2+ 55. Kh5 Nd7 56. Kh4 Nf6 57. Kh3 Ra2 58. Bxe4 Rxa3 59. Bd5
Rxc3+ 60. Kh4 Kd7 61. Be6+ Kd6 62. Rg1 Rc2 63. Rb1 Kc5 64. Rb5+ Kc6 65. Rb4 a3
66. Ra4 Rc3 67. Ra7 Kc5 68. Rxg7 Kb4 69. Ra7 Ne4 70. Bd5 Nc5 71. f6 Rc1 72. f7
Rf1 73. Ra8 Nd7 74. Be6 Ne5 75. Ra7 Nxc4 76. Kh5 Ne5 77. Kh6 b5 78. Kg7 Rf2 79.
f8=Q+ Rxf8 80. Kxf8 Nc4 81. Ke7 Kb3 82. Bxc4+ bxc4 83. Kd6 a2 0-1

[Event "Elit(Orgryte-Vasteras)"]
[Site "?"]
[Date "2011.03.11"]
[Round "9"]
[White "Norberg, Johan"]
[Black "Arnelind, Mikael"]
[Result "0-1"]
[WhiteElo "2370"]
[BlackElo "2215"]
[PlyCount "132"]

1. e4 e6 2. d4 d5 3. exd5 exd5 4. Bd3 Nc6 5. c3 Bd6 6. Qf3 Be6 7. Ne2 Qf6 8.
Bf4 O-O-O 9. Nd2 h6 10. O-O-O Bf5 11. Bxf5+ Qxf5 12. Bxd6 Qxf3 13. Nxf3 Rxd6
14. Nf4 Nge7 15. Rhe1 g5 16. Nh5 Ng6 17. Kc2 Rf8 18. b4 Nd8 19. Ne5 Ne6 20. g3
Ne7 21. Rd3 Nf5 22. Ng4 Neg7 23. Nxg7 Nxg7 24. Re5 f6 25. Re7 Nf5 26. Rh7 Rd7
27. Rxd7 Kxd7 28. Ne3 Ne7 29. Rd1 f5 30. Re1 Ke6 31. c4 c6 32. c5 Kd7 33. a4
Ng6 34. Kd3 h5 35. Rg1 f4 36. gxf4 Nxf4+ 37. Kd2 Nh3 38. Rg3 Nxf2 39. Rg2 g4
40. Ke2 Nh3 41. Ke1 Rf3 42. Nxg4 hxg4 43. Rxg4 Rf7 44. Ke2 Nf2 45. Rg6 Ne4 46.
h4 Nc3+ 47. Kd2 Nxa4 48. Kc2 Rh7 49. Kb3 b5 50. Rg4 Rh6 51. Rg7+ Ke8 52. Rg8+
Kf7 53. Rc8 Re6 54. Rc7+ Ke8 55. Rxa7 Rh6 56. Rc7 Kd8 57. Rg7 Rxh4 58. Rg8+ Ke7
59. Rg2 Ke6 60. Rg6+ Kf5 61. Rxc6 Rh3+ 62. Ka2 Ke4 63. Rc8 Kxd4 64. Rb8 Kc4 65.
c6 Rh2+ 66. Ka1 Kb3 0-1

[Event "Elit(Orgryte-Vasteras)"]
[Site "?"]
[Date "2011.03.11"]
[Round "9"]
[White "Frisk Kockum, Anton"]
[Black "Brustkern, Jurgen"]
[Result "1-0"]
[WhiteElo "2412"]
[BlackElo "2276"]
[PlyCount "67"]

1. d4 d5 2. Nf3 Nc6 3. Bf4 Bg4 4. e3 e6 5. h3 Bh5 6. c4 Bd6 7. Bxd6 cxd6 8.
cxd5 exd5 9. Nc3 Nge7 10. g4 Bg6 11. Nh4 Be4 12. f3 Bg6 13. Bg2 h5 14. Nxg6
Nxg6 15. Qe2 Nh4 16. O-O-O Qa5 17. Kb1 O-O-O 18. f4 Ne7 19. Bf1 Kb8 20. Rc1 a6
21. Qf2 Nhg6 22. f5 Nf8 23. f6 gxf6 24. Qxf6 Nfg6 25. Bg2 Ka7 26. a3 hxg4 27.
hxg4 Rxh1 28. Bxh1 Rh8 29. Qxd6 Rh3 30. Bxd5 Rxe3 31. Bxf7 Qg5 32. Nd5 Nxd5 33.
Bxd5 Ne7 34. Qc5+ 1-0

[Event "Elit(Orgryte-Vasteras)"]
[Site "?"]
[Date "2011.03.11"]
[Round "9"]
[White "Eriksson, Anders"]
[Black "Virolainen, Victor"]
[Result "0-1"]
[WhiteElo "2305"]
[BlackElo "2161"]
[PlyCount "118"]

1. Nf3 e6 2. g3 d5 3. Bg2 Nf6 4. O-O Bd6 5. d4 O-O 6. c4 a6 7. Nc3 Nc6 8. b3 h6
9. Bb2 Re8 10. Rc1 Rb8 11. e3 Bd7 12. Ne1 dxc4 13. bxc4 e5 14. Ne2 e4 15. c5
Bf8 16. Nc3 Bf5 17. Rb1 Nb4 18. Bc1 Nbd5 19. Bd2 c6 20. Nc2 Qd7 21. Rb2 Bg4 22.
f3 Bh5 23. Qe1 Nxc3 24. Bxc3 exf3 25. Bxf3 Qh3 26. Bg2 Qe6 27. Bd2 Bg6 28. a3
Nd5 29. Bxd5 Qxd5 30. Qf2 Be7 31. Nb4 Qe6 32. Na2 Bg5 33. Re1 h5 34. Nc3 h4 35.
e4 hxg3 36. hxg3 Bxd2 37. Qxd2 Qg4 38. Qf4 Qe6 39. g4 Qc4 40. Qe3 Rbd8 41. Rb4
Qe6 42. Rxb7 Qxg4+ 43. Kf2 Qh4+ 44. Kf1 Qf6+ 45. Qf2 Qxd4 46. Qxd4 Rxd4 47. Rb6
Rc4 48. Re3 Rxc5 49. Rxa6 f5 50. Rg3 Bf7 51. Na4 Rc1+ 52. Kf2 Rc2+ 53. Kf3 Rxe4
54. Rg5 Bd5 55. Nb6 Rc3+ 56. Kf2 Rc2+ 57. Kf1 Rf4+ 58. Ke1 Rh4 59. Ra8+ Kh7 0-1

[Event "Elit(Orgryte-Vasteras)"]
[Site "?"]
[Date "2011.03.11"]
[Round "9"]
[White "Zackrisson, Mattias"]
[Black "Janse, Rasmus"]
[Result "1-0"]
[WhiteElo "2200"]
[BlackElo "2276"]
[PlyCount "123"]

1. e4 e6 2. d3 d5 3. Nd2 c5 4. Ngf3 Nc6 5. g3 Bd6 6. Bg2 Nge7 7. O-O O-O 8. Nh4
f6 9. f4 Qc7 10. c3 Bd7 11. Nb3 d4 12. Nf3 b5 13. e5 fxe5 14. fxe5 Nxe5 15.
cxd4 cxd4 16. Nxe5 Bxe5 17. Bxa8 Rxa8 18. Bf4 Bxf4 19. Rxf4 e5 20. Rf2 Bc6 21.
Rc1 Qd6 22. Nc5 Nd5 23. Ne4 Qg6 24. Qf3 h6 25. Qf5 Qxf5 26. Rxf5 Nb4 27. Nf2
Re8 28. a3 Bd7 29. Rf3 Nd5 30. Rc5 Ne3 31. Rc7 Rd8 32. Ne4 a6 33. Nc5 Bf5 34.
Re7 Rd5 35. b4 Kf8 36. Rc7 Kg8 37. Kf2 Bxd3 38. Nxd3 e4 39. Rff7 exd3 40. Rxg7+
Kf8 41. Ke1 Nc4 42. Rgf7+ Kg8 43. Rfd7 Re5+ 44. Kf2 Re8 45. Rxd4 d2 46. Rcxc4
bxc4 47. Rxd2 a5 48. Rc2 axb4 49. axb4 Re4 50. Kf3 Rd4 51. Ke3 Rg4 52. Rf2 Rg7
53. Kd4 Rc7 54. Rc2 Kf7 55. Rxc4 Rb7 56. Kc5 Ke6 57. Rh4 Rc7+ 58. Kb6 Rh7 59.
Kc6 Rh8 60. b5 Rc8+ 61. Kb7 Rh8 62. b6 1-0

[Event "Elit(Orgryte-Vasteras)"]
[Site "?"]
[Date "2011.03.11"]
[Round "9"]
[White "Sandberg, Richard"]
[Black "Eksmyr, Johan"]
[Result "1/2-1/2"]
[WhiteElo "2246"]
[BlackElo "2179"]
[PlyCount "71"]

1. e4 c6 2. d4 d5 3. Nd2 dxe4 4. Nxe4 Nf6 5. Nxf6+ gxf6 6. Nf3 Bf5 7. c4 e6 8.
g3 Na6 9. a3 Qd7 10. Bg2 O-O-O 11. Be3 Be4 12. b4 Nxb4 13. axb4 Bxb4+ 14. Kf1
a5 15. Nh4 Bg6 16. Nxg6 hxg6 17. Qc2 f5 18. d5 c5 19. Bd2 e5 20. Bxb4 axb4 21.
Ra5 Qd6 22. Qa4 Kb8 23. Ke2 e4 24. Ra1 Rc8 25. Ra8+ Kc7 26. Qa5+ Qb6 27. d6+
Kc6 28. Qa4+ Kxd6 29. Rd1+ Ke5 30. Rd5+ Kf6 31. Qa1+ Ke7 32. Re5+ Kd6 33. Rd5+
Ke7 34. Re5+ Kd6 35. Rd5+ Ke7 36. Re5+ 1/2-1/2

[Event "Elit(Orgryte-Vasteras)"]
[Site "?"]
[Date "2011.03.11"]
[Round "9"]
[White "Goransson, Michael"]
[Black "Norberg, Erik"]
[Result "1-0"]
[WhiteElo "1838"]
[BlackElo "2243"]
[PlyCount "83"]

1. d4 g6 2. Nf3 Bg7 3. Bg5 c5 4. c3 Nf6 5. Nbd2 cxd4 6. cxd4 d5 7. e3 O-O 8.
Bd3 Nc6 9. Qb3 Re8 10. O-O Qa5 11. Rfd1 e5 12. dxe5 Ng4 13. Bb5 a6 14. Bxc6
bxc6 15. Qc2 Qb6 16. Bf4 Nxe5 17. Nxe5 Bxe5 18. Bxe5 Rxe5 19. Rac1 Bd7 20. Nb3
Rb8 21. Qc5 Qxc5 22. Rxc5 Kf8 23. Rd2 Ke7 24. Nd4 Kd6 25. Rdc2 Rb6 26. a3 f5
27. g3 g5 28. Nf3 Re7 29. Nxg5 f4 30. exf4 Re1+ 31. Kg2 Bf5 32. R2c3 Bd3 33.
Nf7+ Ke7 34. Rxd3 Kxf7 35. b4 Ra1 36. Kf3 Ke6 37. g4 Kd6 38. f5 Rb8 39. Re3 Kd7
40. Kf4 Ra2 41. Kg3 Rf8 42. Ra5 1-0

[Event "Elit(Upsala-Limhamn)"]
[Site "?"]
[Date "2011.03.11"]
[Round "9"]
[White "Ahlander, Bjorn"]
[Black "Johansson, Jan"]
[Result "1/2-1/2"]
[WhiteElo "2500"]
[BlackElo "2417"]
[PlyCount "114"]
[SourceDate "2011.03.18"]

1. d4 Nf6 2. c4 e6 3. Nc3 Bb4 4. Qc2 O-O 5. e4 d5 6. e5 Ne4 7. Bd3 c5 8. a3
Bxc3+ 9. bxc3 cxd4 10. cxd4 Nc6 11. Ne2 Qa5+ 12. Bd2 Nxd2 13. Qxd2 dxc4 14.
Bxc4 Rd8 15. Qxa5 Nxa5 16. Ba2 b6 17. O-O-O Ba6 18. Nc3 Rac8 19. Kb2 Bc4 20.
Ne4 Bxa2 21. Kxa2 Rc2+ 22. Kb1 Re2 23. Rhe1 Rxe1 24. Rxe1 Rxd4 25. Rc1 h6 26.
Nd6 Nb3 27. Rc8+ Kh7 28. Kc2 Nc5 29. Rc7 Ra4 30. Kb2 Rf4 31. Rxf7 Rxf7 32. Nxf7
Kg6 33. Nd8 Kf5 34. Nc6 a6 35. Kc3 Ke4 36. Kc4 Nd7 37. f3+ Ke3 38. Nd8 Nxe5+
39. Kc3 g5 40. Nxe6 Nf7 41. Nd4 Nd6 42. g4 Kf2 43. Kd3 Kg2 44. Nf5 Nf7 45. Ke4
Kxh2 46. Kd5 Kg2 47. Ke6 Nd8+ 48. Kd6 Kxf3 49. Nxh6 a5 50. Kd5 Ke3 51. Kc4 Kd2
52. a4 Ne6 53. Nf7 Kc2 54. Ne5 Nc7 55. Nd7 Na8 56. Ne5 Nc7 57. Nd7 Na8 1/2-1/2

[Event "Elit(Upsala-Limhamn)"]
[Site "?"]
[Date "2011.03.11"]
[Round "9"]
[White "Glimbrant, Torbjorn"]
[Black "Brynell, Stellan"]
[Result "1/2-1/2"]
[WhiteElo "2318"]
[BlackElo "2546"]
[PlyCount "79"]

1. d4 e6 2. Nf3 Nf6 3. c4 b6 4. g3 Ba6 5. Qa4 c6 6. Nc3 b5 7. cxb5 cxb5 8. Nxb5
Qb6 9. Nc3 Bb4 10. Bd2 O-O 11. Bg2 d5 12. O-O Bxc3 13. bxc3 Bxe2 14. Rfe1 Bb5
15. Qc2 Nbd7 16. Ne5 Nxe5 17. Rxe5 Rfc8 18. Qb2 Rab8 19. Rb1 Bd3 20. Qxb6 axb6
21. Rb2 Ne4 22. Bxe4 Bxe4 23. g4 Rc6 24. g5 Kf8 25. Kf1 Ke7 26. Ke2 f6 27.
gxf6+ gxf6 28. Rh5 Bf5 29. Rh4 Rg8 30. Rb3 Ra8 31. Rb2 Ra6 32. Rf4 Rc8 33. Ke3
Rca8 34. Rf3 Rxa2 35. Rxb6 Rc2 36. Rg3 Bg6 37. Rb7+ Kd6 38. Rg1 Raa2 39. Rgb1
Be8 40. Be1 1/2-1/2

[Event "Elit(Upsala-Limhamn)"]
[Site "?"]
[Date "2011.03.11"]
[Round "9"]
[White "Andersson, Fredrik"]
[Black "Eriksson, Magnus"]
[Result "1/2-1/2"]
[WhiteElo "2375"]
[BlackElo "2445"]
[PlyCount "62"]

1. d4 d5 2. c4 c6 3. Nf3 Nf6 4. e3 Bf5 5. Nc3 e6 6. Nh4 Be4 7. f3 Bg6 8. Qb3
Qb6 9. Nxg6 hxg6 10. Bd2 Nbd7 11. O-O-O Qxb3 12. axb3 Be7 13. g4 a6 14. g5 Ng8
15. f4 Bb4 16. Bg2 Ne7 17. e4 dxe4 18. Nxe4 Bxd2+ 19. Rxd2 Rb8 20. Nd6+ Kf8 21.
h4 Nb6 22. Kc2 Nbc8 23. Nxc8 Rxc8 24. Be4 Rh5 25. Kc3 Nd5+ 26. Bxd5 cxd5 27.
Kb4 Ke7 28. Rc2 Kd6 29. Ka5 Rc6 30. c5+ Kd7 31. b4 b5 1/2-1/2

[Event "Elit(Upsala-Limhamn)"]
[Site "?"]
[Date "2011.03.11"]
[Round "9"]
[White "Lindberg, Henrik"]
[Black "Penalver, Osmani"]
[Result "1/2-1/2"]
[WhiteElo "2212"]
[BlackElo "2327"]
[PlyCount "115"]

1. e4 c5 2. Nf3 d6 3. d4 cxd4 4. Nxd4 Nf6 5. Nc3 a6 6. Be2 e6 7. O-O Qc7 8. f4
Be7 9. Be3 O-O 10. a4 b6 11. Bf3 Bb7 12. g4 Nfd7 13. f5 Nc5 14. g5 Nc6 15. Bg2
Rfe8 16. h4 Bf8 17. Qg4 exf5 18. Nxf5 Ne5 19. Qe2 Bc6 20. b3 Qb7 21. Bd4 Rac8
22. Nd5 Ne6 23. Bb2 Nc7 24. Rad1 Nxd5 25. exd5 Bd7 26. Qf2 b5 27. Be4 Bxf5 28.
Bxf5 Rb8 29. axb5 axb5 30. Be4 Ra8 31. Ra1 Rxa1 32. Bxa1 Qe7 33. Bd4 Ng6 34.
Bd3 Qb7 35. Qf5 Qc8 36. Bxb5 Qxf5 37. Rxf5 Re4 38. Bf2 Nxh4 39. Bxh4 Rxh4 40.
Be8 Rg4+ 41. Kf2 f6 42. gxf6 gxf6 43. Rxf6 Rd4 44. c4 Be7 45. Rf5 Bd8 46. Bh5
Bb6 47. Ke2 Ba5 48. Rf7 Rd2+ 49. Kf1 Rh2 50. Ra7 Bb6 51. Rb7 Bc5 52. Bg4 Rb2
53. Ke1 h6 54. Kd1 Kf8 55. Kc1 Ba3 56. Kd1 Bc5 57. Kc1 Ba3 58. Kd1 1/2-1/2

[Event "Elit(Upsala-Limhamn)"]
[Site "?"]
[Date "2011.03.11"]
[Round "9"]
[White "Holst, Conny"]
[Black "Marttala, Thomas"]
[Result "1/2-1/2"]
[WhiteElo "2245"]
[BlackElo "2291"]
[PlyCount "118"]

1. d4 d5 2. Nf3 e6 3. c4 c6 4. cxd5 exd5 5. Nc3 Be7 6. Bf4 Nf6 7. e3 Bf5 8. Bd3
Bxd3 9. Qxd3 Nbd7 10. h3 O-O 11. O-O Re8 12. Rab1 a5 13. Rfc1 Bf8 14. Ne5 Nxe5
15. Bxe5 Nd7 16. Bg3 Qg5 17. Ne2 Qe7 18. Rc2 Nf6 19. Nc3 Ne4 20. Nxe4 Qxe4 21.
Qxe4 Rxe4 22. Rd1 Re6 23. Bf4 Be7 24. Rd3 a4 25. Kf1 Kf8 26. Bc7 Ra6 27. Ke2
Ke8 28. Rd1 Kd7 29. Bg3 h5 30. Kf1 Ra8 31. Re2 h4 32. Be5 f6 33. Bh2 a3 34. b3
Re8 35. Rd3 Bb4 36. Rc2 b5 37. Rd1 g5 38. g4 hxg3 39. Bxg3 Rh8 40. Kg2 Rh7 41.
Rh1 f5 42. Rcc1 Reh6 43. Be5 Bd6 44. Bxd6 Kxd6 45. b4 Ra7 46. Rc3 Ra4 47. Rhc1
Kd7 48. Rb3 Rh4 49. Rcc3 Kd6 50. Rc1 Re4 51. Rbc3 Ra6 52. Kf3 Rh4 53. Kg2 Rh6
54. Rb3 Ra4 55. Rbc3 Kc7 56. Rb3 Kb7 57. Rc2 Ra8 58. Rc1 Rah8 59. Rbc3 Ra8
1/2-1/2

[Event "Elit(Upsala-LASK)"]
[Site "?"]
[Date "2011.03.12"]
[Round "10"]
[White "Grandelius, Nils"]
[Black "Glimbrant, Torbjorn"]
[Result "1-0"]
[WhiteElo "2637"]
[BlackElo "2318"]
[PlyCount "89"]

1. c4 Nf6 2. g3 c6 3. Nf3 d5 4. Bg2 g6 5. b3 Bg7 6. Bb2 O-O 7. O-O a5 8. Nc3
Ne4 9. cxd5 cxd5 10. Qc1 Nxc3 11. dxc3 Qb6 12. Rd1 Rd8 13. c4 Bxb2 14. Qxb2
dxc4 15. Ne5 Rxd1+ 16. Rxd1 Be6 17. Bd5 Bxd5 18. Rxd5 Nc6 19. Nxc4 Qb4 20. h4
a4 21. h5 axb3 22. h6 f6 23. Qxb3 Qxb3 24. axb3 Rd8 25. Rb5 Rd7 26. Nb6 Rd2 27.
Nd5 Rxe2 28. Rxb7 Kf7 29. b4 g5 30. b5 Nd4 31. b6 g4 32. Kf1 Re5 33. Ne3 f5 34.
Rd7 Nc6 35. Rc7 Nd4 36. Nc4 Re6 37. b7 Nf3 38. Ne3 Rb6 39. Nxf5 Rb1+ 40. Ke2
Kf6 41. Nxe7 Nd4+ 42. Kd3 Ne6 43. Ng8+ Kg6 44. Re7 Nc5+ 45. Kd4 1-0

[Event "Elit(Upsala-LASK)"]
[Site "?"]
[Date "2011.03.12"]
[Round "10"]
[White "Lundvik, Jonas"]
[Black "Lund, Silas"]
[Result "0-1"]
[WhiteElo "2332"]
[BlackElo "2455"]
[PlyCount "84"]

1. d4 d5 2. Nf3 c6 3. c4 e6 4. Qc2 Bd6 5. Nbd2 f5 6. g3 Nh6 7. Nb3 Nf7 8. Bf4
Bb4+ 9. Bd2 Be7 10. Bg2 Nd6 11. Ne5 Nd7 12. cxd5 exd5 13. Ba5 Nb6 14. O-O O-O
15. Nc5 Qe8 16. e3 Nbc4 17. Nxc4 Nxc4 18. Bc3 Rf6 19. Nd3 Rh6 20. Qe2 Be6 21.
b3 Nd6 22. Bb4 a5 23. Ba3 Bf7 24. Rac1 Bh5 25. f3 Bg5 26. Rce1 Nb5 27. Bc1 a4
28. b4 Be7 29. e4 Re6 30. Qf2 fxe4 31. fxe4 Rf6 32. Qe3 Rxf1+ 33. Rxf1 dxe4 34.
Bxe4 Bf6 35. Bb2 a3 36. Ba1 Bg6 37. Ne5 Bxe4 38. Qxe4 Qe6 39. Qc2 Rd8 40. Rd1
Qd5 41. Ng4 Bxd4+ 42. Bxd4 Nxd4 0-1

[Event "Elit(Upsala-LASK)"]
[Site "?"]
[Date "2011.03.12"]
[Round "10"]
[White "Smith, Axel"]
[Black "Burwick, Malte"]
[Result "1-0"]
[WhiteElo "2540"]
[BlackElo "2294"]
[PlyCount "127"]

1. e4 g6 2. d4 Bg7 3. Nf3 d6 4. Bc4 e6 5. Bb3 Nd7 6. Nbd2 Ngf6 7. Qe2 O-O 8.
O-O e5 9. c3 Nh5 10. Re1 Nf4 11. Qf1 Kh8 12. Bc2 Ne6 13. dxe5 dxe5 14. Nc4 f6
15. a4 Nb6 16. a5 Nxc4 17. Qxc4 Qe7 18. b4 Nf4 19. Be3 Be6 20. Qc5 Qxc5 21.
bxc5 Bc4 22. Bxf4 exf4 23. Rad1 Rad8 24. Rd4 Be6 25. Red1 Rb8 26. Rb4 Rg8 27.
Nd4 Bg4 28. Rdb1 Bc8 29. Nc6 Ra8 30. Ne7 Re8 31. Nxc8 Rexc8 32. Rxb7 Bf8 33.
Ba4 Bxc5 34. Bd7 Rd8 35. Rxc7 Bd6 36. Rcb7 Rab8 37. Kf1 Kg7 38. Ke2 Kh6 39. Bc6
Rbc8 40. Bb5 Rxc3 41. Rd1 Rc2+ 42. Kf3 Rc3+ 43. Kg4 Rc2 44. Rd3 Rc5 45. Rh3+
Rh5 46. Rxa7 Rxh3 47. gxh3 Bc5 48. Rf7 Rd2 49. Rxf6 Rxf2 50. e5 Kg7 51. Rxf4
h5+ 52. Kg3 h4+ 53. Kg4 Rxh2 54. Rc4 Rg2+ 55. Kf4 Bg1 56. Rc7+ Kh6 57. a6 Rb2
58. Bd3 Ra2 59. Rc6 Bh2+ 60. Ke4 Ra4+ 61. Bc4 Ra5 62. e6 Kg5 63. Rb6 Kf6 64.
Rb7 1-0

[Event "Elit(Upsala-LASK)"]
[Site "?"]
[Date "2011.03.12"]
[Round "10"]
[White "Lindberg, Henrik"]
[Black "Dragicevic, Drazen"]
[Result "1-0"]
[WhiteElo "2212"]
[BlackElo "2354"]
[PlyCount "103"]

1. e4 c5 2. Nf3 Nc6 3. d4 cxd4 4. Nxd4 Nf6 5. Nc3 e5 6. Ndb5 d6 7. Bg5 a6 8.
Na3 b5 9. Nd5 Be7 10. Bxf6 Bxf6 11. c3 Rb8 12. Nc2 O-O 13. a4 bxa4 14. Ncb4
Nxb4 15. Nxb4 Bb7 16. Bxa6 Bxe4 17. O-O Ba8 18. Bc4 e4 19. Rxa4 Be5 20. Bd5
Bxd5 21. Qxd5 Qd7 22. Rfa1 Qb7 23. Qxb7 Rxb7 24. Ra7 Rxa7 25. Rxa7 f5 26. Nd5
Rb8 27. b4 Kf8 28. g3 h6 29. Kg2 g5 30. f4 Bg7 31. Kf1 gxf4 32. gxf4 Rc8 33. b5
Rb8 34. b6 Bxc3 35. b7 Kf7 36. Nxc3 Ke6 37. Ke2 Kd7 38. Ra5 Rxb7 39. Rxf5 Rb2+
40. Ke3 Rxh2 41. Nxe4 Ke7 42. Rd5 Rh3+ 43. Kd4 Rf3 44. f5 Rf4 45. f6+ Kf7 46.
Rxd6 Rf5 47. Rd7+ Kg8 48. Rd5 Rf1 49. Ke5 Re1 50. Rd7 h5 51. Kf5 Kf8 52. Rd8+
1-0

[Event "Elit(Upsala-LASK)"]
[Site "?"]
[Date "2011.03.12"]
[Round "10"]
[White "Bejtovic, Jasmin"]
[Black "Johansson, Carl-Fredrik"]
[Result "1-0"]
[WhiteElo "2458"]
[BlackElo "2235"]
[PlyCount "63"]

1. e4 c5 2. d3 Nc6 3. g3 e6 4. Bg2 Nf6 5. f4 d5 6. e5 Nd7 7. Nd2 g5 8. fxg5
Ndxe5 9. Ngf3 h6 10. Nxe5 Nxe5 11. Qe2 Bd6 12. gxh6 Qc7 13. Nf1 Bd7 14. Bg5 c4
15. d4 Bb4+ 16. Kf2 Nc6 17. c3 Be7 18. Bxe7 Nxe7 19. Ne3 O-O-O 20. Ng4 f6 21.
Rhf1 Rdf8 22. Kg1 f5 23. Ne5 Rxh6 24. Rae1 Be8 25. Qe3 Rfh8 26. Nf3 Bh5 27. Ng5
Qb6 28. Nxe6 Bg4 29. h4 f4 30. Nxf4 Nf5 31. Nxd5 Qd6 32. Rxf5 1-0

[Event "Elit(Upsala-LASK)"]
[Site "?"]
[Date "2011.03.12"]
[Round "10"]
[White "Marttala, Thomas"]
[Black "Nilsson, Sebastian"]
[Result "1/2-1/2"]
[WhiteElo "2291"]
[BlackElo "2402"]
[PlyCount "89"]

1. e4 c5 2. Nf3 d6 3. c3 Nf6 4. h3 Nbd7 5. Bd3 b6 6. O-O Bb7 7. Re1 g6 8. Bc2
Bg7 9. d4 cxd4 10. cxd4 O-O 11. Nc3 Rc8 12. Bg5 h6 13. Bf4 a6 14. Qd2 Kh7 15.
Bh2 Ne8 16. Rad1 b5 17. Bb1 Nc7 18. h4 Nf6 19. d5 b4 20. Na4 a5 21. Nb6 Rb8 22.
Nc4 Na6 23. Rc1 Rc8 24. e5 dxe5 25. Nfxe5 Bxd5 26. Qe2 h5 27. Nxg6 fxg6 28. Ne5
Rxc1 29. Rxc1 Qa8 30. Nxg6 Re8 31. Nf4+ Be4 32. Bxe4+ Qxe4 33. Qxa6 Bh6 34. Qc4
Qxc4 35. Rxc4 Rd8 36. Kf1 Rd2 37. Rc7 Rxb2 38. Rxe7+ Kg8 39. Nd3 Rxa2 40. Be5
Ng4 41. Bb2 a4 42. Rb7 a3 43. Rxb4 axb2 44. Rxb2 Rxb2 45. Nxb2 1/2-1/2

[Event "Elit(Farsta-Orgryte)"]
[Site "?"]
[Date "2011.03.12"]
[Round "10"]
[White "Backelin, Rikard"]
[Black "Ziegler, Ari"]
[Result "1/2-1/2"]
[WhiteElo "2446"]
[BlackElo "2398"]
[PlyCount "100"]

1. c4 Nf6 2. Nc3 g6 3. g3 Bg7 4. Bg2 O-O 5. e4 d6 6. Nge2 e5 7. O-O Be6 8. d3
Qd7 9. f4 c6 10. Kh1 a6 11. Na4 Qd8 12. fxe5 dxe5 13. c5 Nbd7 14. Qc2 Qe7 15.
Bg5 h6 16. Bd2 Kh7 17. b3 h5 18. Bg5 Bh6 19. Bxh6 Kxh6 20. h3 Kg7 21. Qc3 Ne8
22. Rad1 Nc7 23. d4 exd4 24. Qxd4+ f6 25. Nf4 Ne5 26. Qd6 Rae8 27. Rd2 Bf7 28.
Rfd1 Nb5 29. Qxe7 Rxe7 30. Ne2 g5 31. Nb6 Bg6 32. a4 Nc7 33. Nd4 a5 34. Rc1 Kf7
35. Nf5 Bxf5 36. exf5 Na6 37. Bf1 Nb4 38. Bc4+ Kg7 39. Be6 h4 40. gxh4 Rh8 41.
hxg5 fxg5 42. Rc3 g4 43. Kg2 Rxh3 44. Rxh3 gxh3+ 45. Kxh3 Kf6 46. Rd6 Kg5 47.
Kg3 Rg7 48. Nc4 Nxc4 49. Bxc4 Kxf5+ 50. Kf3 Ke5 1/2-1/2

[Event "Elit(Farsta-Orgryte)"]
[Site "?"]
[Date "2011.03.12"]
[Round "10"]
[White "Arnelind, Mikael"]
[Black "Ong, Kezli"]
[Result "1/2-1/2"]
[WhiteElo "2215"]
[BlackElo "2323"]
[PlyCount "142"]

1. d4 Nf6 2. c4 e6 3. Nc3 Bb4 4. e3 b6 5. Nf3 Bb7 6. Bd3 Ne4 7. O-O Bxc3 8.
bxc3 O-O 9. Qc2 f5 10. Nd2 Nxd2 11. Bxd2 d6 12. f3 Nd7 13. Rae1 h6 14. e4 f4
15. e5 dxe5 16. Bc1 Qf6 17. Bb2 c5 18. Bh7+ Kh8 19. Be4 Bxe4 20. Qxe4 cxd4 21.
cxd4 exd4 22. Bxd4 e5 23. Bxe5 Nxe5 24. Qxe5 Qxe5 25. Rxe5 Rac8 26. Re4 Rc5 27.
Rd1 Rf7 28. Kf2 Ra5 29. Rd2 Ra3 30. Rc2 Kh7 31. Ke2 Rf5 32. Rd4 Rfa5 33. Rdd2
R5a4 34. Kf2 Ra5 35. Ke2 Rh5 36. h3 Rha5 37. Kd1 R5a4 38. Kc1 Re3 39. Kd1 Rea3
40. Kc1 Kg6 41. Kd1 Kh5 42. Ke2 Kh4 43. Kf2 g5 44. Rd6 Kh5 45. Rdd2 Ra5 46. Re2
R3a4 47. Rcd2 Rxc4 48. Rd6 Rc1 49. g4+ fxg3+ 50. Kxg3 Rg1+ 51. Kf2 Ra1 52. Rdd2
Ra3 53. Kg2 b5 54. Rb2 a6 55. Rbc2 b4 56. Rf2 a5 57. Rb2 Kg6 58. Rfd2 a4 59.
Rxb4 R3xa2 60. Rxa2 Rxa2+ 61. Kg3 h5 62. Rb6+ Kf5 63. Rb5+ Kf6 64. Rb6+ Ke7 65.
h4 gxh4+ 66. Kxh4 Rh2+ 67. Kg3 Rc2 68. Kh4 Rc3 69. f4 a3 70. Ra6 Kd7 71. Kxh5
Kc7 1/2-1/2